00768 2200217 4500001002100000005001700021008004100038035002400079040001200103082001400115090002400129100001400153245017400167260002900341300003600370500006300406500002800469650002600497850001200523990001500535YOGYA-0209000003977320090227025515.0 ind  0010-020900000039773 aYOPDYOG a658.155 4 aSK 658.155 4bHas A aHASRIYANI aAnalisis faktor-faktor yang mempengaruhi pendapatan pengusaha kerajinan gerabahbstudi kasus di desa Kasongan Kec. Kasihan Kab. Bantul Prop. DIYcdisusun oleh, Hasriyani aYogyakartab[s.n.]c1995 ax, 55, [16] lembarbilusc30 cm aSkripsi : Sekolah Tinggi Ilmu Ekonomi Kerjasama Yogyakarta aBibliografi : lembar 56 aPenghasilan pengrajin aYOPDYOG a07A0028604